00401 a2200109 450000100060000008200100000610000440001624500910006026000460015130000710019750000230026887690 aPR 67 aSohaib Fakhar, Plt Off 15637 , 71(B) EC aFeasibility study for the replacement of digital portion of MPDR receiver with an FPGA aRisalpurbCAE, PAF Academy Risalpurc2011 aix, 59p.eAli Javed Hashmi, Sqn Ldr; Jahangir Khan Kayani, Gp Capt aBE Project Reports